[Event "DEM U18w 2018"]
[Site "Willingen GER"]
[Date "2018.05.20"]
[Round "2"]
[White "Wächter, Nathalie"]
[Black "Leser, Katrin"]
[Result "1-0"]
[Termination "normal"]
[Board "4"]
[WhiteElo "1954"]
[BlackElo "1862"]
[WhiteClock "00:01:14"]
[BlackClock "00:00:42"]
[PlyCount "145"]
[WhiteFideId "12921033"]
[BlackFideId "12997692"]
[EventCountry "GER"]
[EventRounds "9"]
[EventType "swiss"]
[EventDate "2018.05.19"]

1. d4 {[%clk 1:30:58]} 1... Nf6 {[%clk 1:30:56]} 2. c4 {[%clk 1:31:17]} 2... e6
{[%clk 1:31:22]} 3. Nc3 {[%clk 1:31:39]} 3... d5 {[%clk 1:31:48]} 4. Nf3 {
[%clk 1:31:32]} 4... Be7 {[%clk 1:31:46]} 5. cxd5 {[%clk 1:31:50]} 5... exd5 {
[%clk 1:31:19]} 6. Bg5 {[%clk 1:31:58]} 6... c6 {[%clk 1:30:56]} 7. Qc2 { [%clk
1:31:59]} 7... Na6 {[%clk 1:15:33]} 8. a3 {[%clk 1:24:25]} 8... Nc7 { [%clk
1:11:42]} 9. e3 {[%clk 1:20:54]} 9... Nh5 {[%clk 1:11:08]} 10. Bxe7 { [%clk
1:20:46]} 10... Qxe7 {[%clk 1:11:32]} 11. Bd3 {[%clk 1:20:40]} 11... Nf4 {[%clk
1:09:04]} 12. O-O {[%clk 1:03:22]} 12... Nxd3 {[%clk 1:08:27]} 13. Qxd3 {[%clk
1:03:50]} 13... O-O {[%clk 1:03:51]} 14. b4 {[%clk 1:03:08]} 14... a6 { [%clk
0:45:10]} 15. Nd2 {[%clk 0:38:33]} 15... Nb5 {[%clk 0:33:46]} 16. a4 { [%clk
0:34:55]} 16... Nd6 {[%clk 0:33:35]} 17. b5 {[%clk 0:31:30]} 17... Bf5 { [%clk
0:31:17]} 18. Qe2 {[%clk 0:27:47]} 18... axb5 {[%clk 0:28:55]} 19. axb5 { [%clk
0:28:03]} 19... Qf6 {[%clk 0:25:11]} 20. bxc6 {[%clk 0:21:12]} 20... bxc6
{[%clk 0:25:35]} 21. Na4 {[%clk 0:21:14]} 21... Qg6 {[%clk 0:23:17]} 22. Nc5 {
[%clk 0:18:51]} 22... Rae8 {[%clk 0:19:50]} 23. Kh1 {[%clk 0:17:43]} 23... Nb5
{[%clk 0:19:31]} 24. Ndb3 {[%clk 0:15:28]} 24... Nc3 {[%clk 0:16:08]} 25. Qd2 {
[%clk 0:03:48]} 25... Ne4 {[%clk 0:16:18]} 26. Qa2 {[%clk 0:02:05]} 26... h5 {
[%clk 0:15:12]} 27. Nxe4 {[%clk 0:01:30]} 27... Bxe4 {[%clk 0:15:05]} 28. Rg1 {
[%clk 0:01:04]} 28... h4 {[%clk 0:11:43]} 29. Nc5 {[%clk 0:01:15]} 29... h3 {
[%clk 0:11:59]} 30. f3 {[%clk 0:01:06]} 30... Ra8 {[%clk 0:09:51]} 31. Qxa8 {
[%clk 0:01:11]} 31... Rxa8 {[%clk 0:10:16]} 32. Rxa8+ {[%clk 0:01:35]} 32...
Kh7 {[%clk 0:10:38]} 33. fxe4 {[%clk 0:01:39]} 33... dxe4 {[%clk 0:10:20]} 34.
Raa1 {[%clk 0:01:11]} 34... Qf5 {[%clk 0:10:05]} 35. Rgf1 {[%clk 0:00:57]}
35... Qg5 {[%clk 0:07:18]} 36. gxh3 {[%clk 0:00:46]} 36... Qxe3 {[%clk 0:07:36]
} 37. Rae1 {[%clk 0:00:37]} 37... Qxd4 {[%clk 0:07:47]} 38. Nxe4 { [%clk
0:00:54]} 38... Qd5 {[%clk 0:07:52]} 39. Rxf7 {[%clk 0:00:43]} 39... Kh6 {[%clk
0:06:38]} 40. Rf4 {[%clk 0:00:36]} 40... c5 {[%clk 0:05:27]} 41. Rf2 { [%clk
0:13:53]} 41... c4 {[%clk 0:33:02]} 42. Rd2 {[%clk 0:13:39]} 42... Qf5 { [%clk
0:29:01]} 43. Ng3 {[%clk 0:09:11]} 43... Qf4 {[%clk 0:23:11]} 44. Rc2 { [%clk
0:07:34]} 44... Qf3+ {[%clk 0:22:08]} 45. Kg1 {[%clk 0:07:35]} 45... Qd3 {[%clk
0:21:40]} 46. Rec1 {[%clk 0:07:36]} 46... Qd4+ {[%clk 0:21:17]} 47. Kg2 {[%clk
0:05:59]} 47... Qd5+ {[%clk 0:21:28]} 48. Kf2 {[%clk 0:06:20]} 48... Qd4+
{[%clk 0:20:25]} 49. Ke1 {[%clk 0:06:16]} 49... Qe5+ {[%clk 0:19:42]} 50. Re2
{[%clk 0:04:41]} 50... Qa5+ {[%clk 0:18:22]} 51. Kf1 {[%clk 0:04:24]} 51... Qd5
{[%clk 0:18:40]} 52. Re3 {[%clk 0:03:30]} 52... Qf7+ {[%clk 0:17:39]} 53. Ke2
{[%clk 0:03:26]} 53... Qd5 {[%clk 0:17:44]} 54. Rf1 {[%clk 0:02:26]} 54... g6
{[%clk 0:17:36]} 55. Ne4 {[%clk 0:01:52]} 55... Qe5 {[%clk 0:14:10]} 56. Rf2
{[%clk 0:01:38]} 56... Qb2+ {[%clk 0:12:22]} 57. Kf1 {[%clk 0:01:02]} 57...
Qb1+ {[%clk 0:11:15]} 58. Kg2 {[%clk 0:01:21]} 58... Qb7 {[%clk 0:11:31]} 59.
Rf4 {[%clk 0:01:14]} 59... Qb2+ {[%clk 0:10:56]} 60. Nf2 {[%clk 0:01:00]} 60...
c3 {[%clk 0:05:58]} 61. Rc4 {[%clk 0:01:28]} 61... Qb7+ {[%clk 0:05:36]} 62.
Ree4 {[%clk 0:00:59]} 62... Qd5 {[%clk 0:04:31]} 63. Rxc3 {[%clk 0:00:52]}
63... Kh5 {[%clk 0:04:23]} 64. Rcc4 {[%clk 0:00:49]} 64... g5 {[%clk 0:04:25]}
65. Rcd4 {[%clk 0:00:54]} 65... Qc6 {[%clk 0:04:19]} 66. Rd8 {[%clk 0:00:59]}
66... Kg6 {[%clk 0:03:43]} 67. Rde8 {[%clk 0:01:16]} 67... Kh5 {[%clk 0:03:32]}
68. R8e5 {[%clk 0:01:18]} 68... Qb7 {[%clk 0:03:17]} 69. h4 {[%clk 0:01:37]}
69... Kh6 {[%clk 0:02:47]} 70. hxg5+ {[%clk 0:00:48]} 70... Kg6 {[%clk 0:02:11]
} 71. h4 {[%clk 0:00:55]} 71... Kh5 {[%clk 0:01:28]} 72. Re6 {[%clk 0:01:00]}
72... Qc6 {[%clk 0:00:42]} 73. Rh6+ {[%clk 0:01:14]} 1-0

[Event "DEM U18w 2018"]
[Site "Willingen GER"]
[Date "2018.05.20"]
[Round "2"]
[White "Arnhold, Steffi"]
[Black "Halas, Julia"]
[Result "1-0"]
[Termination "normal"]
[Board "5"]
[WhiteElo "1923"]
[BlackElo "1979"]
[WhiteClock "00:30:40"]
[BlackClock "00:29:29"]
[PlyCount "87"]
[WhiteFideId "12931365"]
[BlackFideId "12931810"]
[EventCountry "GER"]
[EventRounds "9"]
[EventType "swiss"]
[EventDate "2018.05.19"]

1. e4 {[%clk 1:30:55]} 1... e6 {[%clk 1:30:53]} 2. d4 {[%clk 1:31:15]} 2... d5
{[%clk 1:31:18]} 3. Nc3 {[%clk 1:31:37]} 3... Nf6 {[%clk 1:31:40]} 4. Bg5 {
[%clk 1:31:56]} 4... Be7 {[%clk 1:32:02]} 5. e5 {[%clk 1:31:43]} 5... Nfd7 {
[%clk 1:32:26]} 6. Bxe7 {[%clk 1:31:49]} 6... Qxe7 {[%clk 1:32:49]} 7. f4 {
[%clk 1:32:01]} 7... O-O {[%clk 1:31:43]} 8. Nf3 {[%clk 1:31:20]} 8... c5 {
[%clk 1:24:39]} 9. Qd2 {[%clk 1:29:05]} 9... Nc6 {[%clk 1:20:03]} 10. dxc5 {
[%clk 1:27:42]} 10... Qxc5 {[%clk 1:11:14]} 11. Bd3 {[%clk 1:22:40]} 11... f6 {
[%clk 0:57:14]} 12. exf6 {[%clk 1:16:21]} 12... Nxf6 {[%clk 0:57:30]} 13. O-O-O
{[%clk 1:08:35]} 13... Bd7 {[%clk 0:47:40]} 14. Rhe1 {[%clk 0:53:00]} 14...
Rae8 {[%clk 0:43:47]} 15. Re2 {[%clk 0:46:56]} 15... Nb4 {[%clk 0:34:41]} 16.
Rde1 {[%clk 0:39:14]} 16... Nxd3+ {[%clk 0:31:41]} 17. Qxd3 {[%clk 0:37:29]}
17... b5 {[%clk 0:31:11]} 18. Qd4 {[%clk 0:28:11]} 18... Qxd4 {[%clk 0:30:58]}
19. Nxd4 {[%clk 0:28:25]} 19... b4 {[%clk 0:31:08]} 20. Nd1 {[%clk 0:27:40]}
20... Ne4 {[%clk 0:30:34]} 21. g3 {[%clk 0:24:24]} 21... a5 {[%clk 0:29:00]}
22. Ne3 {[%clk 0:21:54]} 22... h5 {[%clk 0:25:10]} 23. Nf1 {[%clk 0:16:41]}
23... Bc8 {[%clk 0:19:35]} 24. Nd2 {[%clk 0:15:43]} 24... Bb7 {[%clk 0:19:25]}
25. Nxe4 {[%clk 0:15:38]} 25... dxe4 {[%clk 0:19:53]} 26. Nb3 {[%clk 0:15:25]}
26... Rc8 {[%clk 0:14:35]} 27. Nxa5 {[%clk 0:10:34]} 27... Bd5 {[%clk 0:09:12]}
28. Nb3 {[%clk 0:06:31]} 28... Rf7 {[%clk 0:07:22]} 29. Nd2 {[%clk 0:06:06]}
29... Ra7 {[%clk 0:07:21]} 30. Nxe4 {[%clk 0:04:58]} 30... Rxa2 {[%clk 0:07:32]
} 31. Nf2 {[%clk 0:03:54]} 31... b3 {[%clk 0:05:42]} 32. c3 {[%clk 0:03:16]}
32... Bc4 {[%clk 0:03:07]} 33. Re4 {[%clk 0:02:40]} 33... Bd5 {[%clk 0:02:44]}
34. Rd4 {[%clk 0:02:49]} 34... Ra1+ {[%clk 0:01:59]} 35. Kd2 {[%clk 0:03:16]}
35... Ra2 {[%clk 0:02:29]} 36. Nd3 {[%clk 0:03:39]} 36... Bc4 {[%clk 0:01:48]}
37. Rb1 {[%clk 0:03:58]} 37... Ra5 {[%clk 0:01:31]} 38. Ne5 {[%clk 0:04:11]}
38... Bd5 {[%clk 0:01:33]} 39. c4 {[%clk 0:04:15]} 39... Bb7 {[%clk 0:01:18]}
40. Kc3 {[%clk 0:04:00]} 40... Bd5 {[%clk 0:00:44]} 41. Kb4 {[%clk 0:00:40]}
41... Ra7 {[%clk 0:00:32]} 42. cxd5 {[%clk 0:00:39]} 42... Rb7+ {[%clk 0:00:55]
} 43. Ka3 {[%clk 0:01:03]} 43... exd5 {[%clk 0:29:29]} 44. Rb4 {[%clk 0:30:40]}
1-0

[Event "DEM U18w 2018"]
[Site "Willingen GER"]
[Date "2018.05.20"]
[Round "2"]
[White "Möller, Hannah"]
[Black "Köhler, Inken"]
[Result "0-1"]
[Termination "normal"]
[Board "6"]
[WhiteElo "1807"]
[BlackElo "1879"]
[WhiteClock "01:03:29"]
[BlackClock "00:24:51"]
[PlyCount "60"]
[WhiteFideId "1270514"]
[BlackFideId "12929301"]
[EventCountry "GER"]
[EventRounds "9"]
[EventType "swiss"]
[EventDate "2018.05.19"]

1. Nf3 {[%clk 1:30:58]} 1... c5 {[%clk 1:30:12]} 2. g3 {[%clk 1:31:22]} 2...
Nf6 {[%clk 1:30:00]} 3. Bg2 {[%clk 1:31:48]} 3... g6 {[%clk 1:29:55]} 4. O-O {
[%clk 1:32:05]} 4... Bg7 {[%clk 1:30:15]} 5. c4 {[%clk 1:32:11]} 5... Nc6 {
[%clk 1:28:57]} 6. d4 {[%clk 1:28:27]} 6... cxd4 {[%clk 1:28:14]} 7. Nxd4 {
[%clk 1:28:50]} 7... O-O {[%clk 1:27:50]} 8. Nc3 {[%clk 1:28:44]} 8... Nxd4 {
[%clk 1:24:33]} 9. Qxd4 {[%clk 1:29:05]} 9... d6 {[%clk 1:24:32]} 10. Rb1 {
[%clk 1:25:25]} 10... Bf5 {[%clk 1:17:38]} 11. Ra1 {[%clk 1:22:38]} 11... Ne4 {
[%clk 1:11:33]} 12. Qe3 {[%clk 1:22:30]} 12... Nxc3 {[%clk 1:11:43]} 13. bxc3 {
[%clk 1:22:54]} 13... Qd7 {[%clk 1:06:54]} 14. Bb2 {[%clk 1:20:34]} 14... Rfc8
{[%clk 1:02:14]} 15. Qf3 {[%clk 1:18:26]} 15... Rxc4 {[%clk 0:57:00]} 16. Qxb7
{[%clk 1:15:27]} 16... Qxb7 {[%clk 0:56:11]} 17. Bxb7 {[%clk 1:15:50]} 17...
Rb8 {[%clk 0:56:35]} 18. Bd5 {[%clk 1:16:15]} 18... Rc5 {[%clk 0:56:25]} 19.
Bb3 {[%clk 1:16:40]} 19... a5 {[%clk 0:49:58]} 20. Ba3 {[%clk 1:12:50]} 20...
Rxc3 {[%clk 0:49:27]} 21. Rac1 {[%clk 1:12:25]} 21... Rcxb3 {[%clk 0:33:28]}
22. axb3 {[%clk 1:09:31]} 22... Rxb3 {[%clk 0:33:52]} 23. Bxd6 {[%clk 1:09:22]}
23... exd6 {[%clk 0:34:16]} 24. e4 {[%clk 1:09:32]} 24... Bg4 {[%clk 0:29:29]}
25. Rc6 {[%clk 1:08:50]} 25... Be5 {[%clk 0:28:31]} 26. Ra6 {[%clk 1:08:41]}
26... Ra3 {[%clk 0:26:18]} 27. Rb1 {[%clk 1:07:51]} 27... Bf3 {[%clk 0:25:07]}
28. h4 {[%clk 1:06:17]} 28... Kg7 {[%clk 0:24:10]} 29. Rb7 {[%clk 1:03:06]}
29... Ra1+ {[%clk 0:24:27]} 30. Kh2 {[%clk 1:03:29]} 30... Rh1# {[%clk 0:24:51]
} 0-1

[Event "DEM U18w 2018"]
[Site "Willingen GER"]
[Date "2018.05.20"]
[Round "2"]
[White "Reinecke, Katharina"]
[Black "Browning, Rebecca"]
[Result "1/2-1/2"]
[Termination "normal"]
[Board "7"]
[WhiteElo "1905"]
[BlackElo "1925"]
[WhiteClock "00:06:44"]
[BlackClock "00:44:46"]
[PlyCount "61"]
[WhiteFideId "12929727"]
[BlackFideId "12984027"]
[EventCountry "GER"]
[EventRounds "9"]
[EventType "swiss"]
[EventDate "2018.05.19"]

1. d4 {[%clk 1:30:58]} 1... d5 {[%clk 1:30:54]} 2. c4 {[%clk 1:31:22]} 2... c6
{[%clk 1:31:21]} 3. Nf3 {[%clk 1:31:38]} 3... Nf6 {[%clk 1:31:46]} 4. b3 {
[%clk 1:29:24]} 4... Bf5 {[%clk 1:31:02]} 5. g3 {[%clk 1:26:53]} 5... e6 {
[%clk 1:30:01]} 6. Nc3 {[%clk 1:14:02]} 6... Be7 {[%clk 1:27:41]} 7. Bg2 {
[%clk 1:10:48]} 7... Nbd7 {[%clk 1:27:33]} 8. O-O {[%clk 1:10:26]} 8... O-O {
[%clk 1:27:30]} 9. Nh4 {[%clk 1:07:59]} 9... Bg6 {[%clk 1:26:42]} 10. Nxg6 {
[%clk 1:07:49]} 10... hxg6 {[%clk 1:26:20]} 11. Bb2 {[%clk 1:05:41]} 11... Nh7
{[%clk 1:17:45]} 12. e4 {[%clk 1:02:32]} 12... dxe4 {[%clk 1:15:41]} 13. Nxe4 {
[%clk 1:02:06]} 13... Nhf6 {[%clk 1:14:39]} 14. Qe2 {[%clk 0:52:47]} 14... Nxe4
{[%clk 1:13:57]} 15. Bxe4 {[%clk 0:49:27]} 15... Nf6 {[%clk 1:13:12]} 16. Bg2 {
[%clk 0:48:53]} 16... Re8 {[%clk 1:12:48]} 17. Rfd1 {[%clk 0:46:16]} 17... Qb6
{[%clk 1:12:00]} 18. Rd3 {[%clk 0:42:09]} 18... Rad8 {[%clk 1:10:59]} 19. Rad1
{[%clk 0:40:29]} 19... Rd7 {[%clk 1:06:17]} 20. Qd2 {[%clk 0:34:02]} 20... Red8
{[%clk 1:05:51]} 21. Bc3 {[%clk 0:31:23]} 21... Qc7 {[%clk 1:02:39]} 22. Ba5 {
[%clk 0:27:26]} 22... b6 {[%clk 1:02:57]} 23. Bc3 {[%clk 0:27:06]} 23... e5 {
[%clk 0:48:33]} 24. Qe2 {[%clk 0:25:18]} 24... exd4 {[%clk 0:46:47]} 25. Bxd4 {
[%clk 0:22:23]} 25... c5 {[%clk 0:45:23]} 26. Bc3 {[%clk 0:17:51]} 26... Rxd3 {
[%clk 0:43:20]} 27. Rxd3 {[%clk 0:17:25]} 27... Rxd3 {[%clk 0:43:44]} 28. Qxd3
{[%clk 0:17:47]} 28... Qd7 {[%clk 0:44:06]} 29. Qxd7 {[%clk 0:15:40]} 29...
Nxd7 {[%clk 0:44:30]} 30. Bc6 {[%clk 0:10:39]} 30... Bf6 {[%clk 0:44:46]} 31.
Bxd7 {[%clk 0:06:44]} 1/2-1/2

[Event "DEM U18w 2018"]
[Site "Willingen GER"]
[Date "2018.05.20"]
[Round "2"]
[White "Kail, Sindy"]
[Black "Giede, Anna-Blume"]
[Result "1-0"]
[Termination "normal"]
[Board "8"]
[WhiteElo "1819"]
[BlackElo "1629"]
[WhiteClock "00:17:48"]
[BlackClock "00:00:45"]
[PlyCount "47"]
[WhiteFideId "12988502"]
[BlackFideId "12921980"]
[EventCountry "GER"]
[EventRounds "9"]
[EventType "swiss"]
[EventDate "2018.05.19"]

1. e4 {[%clk 1:30:57]} 1... c6 {[%clk 1:30:53]} 2. d4 {[%clk 1:31:21]} 2... d5
{[%clk 1:31:18]} 3. Nd2 {[%clk 1:31:46]} 3... dxe4 {[%clk 1:31:40]} 4. Nxe4 {
[%clk 1:32:08]} 4... Bf5 {[%clk 1:31:58]} 5. Ng3 {[%clk 1:32:16]} 5... Bg6 {
[%clk 1:32:12]} 6. N1e2 {[%clk 1:32:35]} 6... h6 {[%clk 1:25:33]} 7. Nf4 {
[%clk 1:31:16]} 7... Bh7 {[%clk 1:21:58]} 8. Bc4 {[%clk 1:30:36]} 8... e6 {
[%clk 1:05:28]} 9. c3 {[%clk 1:25:15]} 9... Nf6 {[%clk 0:58:55]} 10. Qe2 {
[%clk 1:22:27]} 10... Bd6 {[%clk 0:46:06]} 11. O-O {[%clk 1:16:12]} 11... O-O {
[%clk 0:38:39]} 12. Re1 {[%clk 1:12:54]} 12... Re8 {[%clk 0:27:57]} 13. Nd3 {
[%clk 1:04:40]} 13... Nbd7 {[%clk 0:22:38]} 14. f4 {[%clk 1:00:05]} 14... c5 {
[%clk 0:09:38]} 15. Be3 {[%clk 0:57:17]} 15... Rc8 {[%clk 0:08:46]} 16. Ne5 {
[%clk 0:56:34]} 16... Bxe5 {[%clk 0:07:31]} 17. fxe5 {[%clk 0:35:12]} 17... Nd5
{[%clk 0:07:53]} 18. Bf2 {[%clk 0:20:32]} 18... cxd4 {[%clk 0:06:34]} 19. cxd4
{[%clk 0:19:54]} 19... N7b6 {[%clk 0:05:47]} 20. Bb3 {[%clk 0:19:25]} 20... Nf4
{[%clk 0:03:50]} 21. Qg4 {[%clk 0:19:05]} 21... Nfd5 {[%clk 0:01:50]} 22. Ne4 {
[%clk 0:18:45]} 22... Rc7 {[%clk 0:00:51]} 23. Bh4 {[%clk 0:18:16]} 23... Qb8 {
[%clk 0:00:45]} 24. Bf6 {[%clk 0:17:48]} 1-0

[Event "DEM U18w 2018"]
[Site "Willingen GER"]
[Date "2018.05.20"]
[Round "2"]
[White "Diener, Carolin Valeria"]
[Black "Lohrmann, Tabea"]
[Result "1-0"]
[Termination "normal"]
[Board "10"]
[WhiteElo "1957"]
[BlackElo "1632"]
[WhiteClock "00:05:41"]
[BlackClock "00:03:11"]
[PlyCount "101"]
[WhiteFideId "24699063"]
[BlackFideId "12911941"]
[EventCountry "GER"]
[EventRounds "9"]
[EventType "swiss"]
[EventDate "2018.05.19"]

1. e4 {[%clk 1:30:58]} 1... e5 {[%clk 1:30:46]} 2. Nf3 {[%clk 1:31:14]} 2...
Nc6 {[%clk 1:31:10]} 3. Bb5 {[%clk 1:31:31]} 3... a6 {[%clk 1:31:30]} 4. Ba4 {
[%clk 1:31:57]} 4... Nf6 {[%clk 1:31:43]} 5. O-O {[%clk 1:32:14]} 5... Be7 {
[%clk 1:31:42]} 6. Re1 {[%clk 1:31:58]} 6... b5 {[%clk 1:31:55]} 7. Bb3 { [%clk
1:32:21]} 7... O-O {[%clk 1:31:59]} 8. h3 {[%clk 1:31:42]} 8... d6 { [%clk
1:24:19]} 9. c3 {[%clk 1:27:08]} 9... Na5 {[%clk 1:23:21]} 10. Bc2 { [%clk
1:27:29]} 10... c5 {[%clk 1:23:15]} 11. d3 {[%clk 1:20:58]} 11... Nc6 { [%clk
1:22:30]} 12. Nbd2 {[%clk 1:19:19]} 12... Re8 {[%clk 1:21:57]} 13. Nf1 { [%clk
1:17:29]} 13... Bf8 {[%clk 1:20:23]} 14. Ng3 {[%clk 1:11:51]} 14... d5 { [%clk
1:15:02]} 15. Bg5 {[%clk 1:01:15]} 15... d4 {[%clk 1:01:19]} 16. Bxf6 { [%clk
0:51:08]} 16... Qxf6 {[%clk 0:59:41]} 17. cxd4 {[%clk 0:50:28]} 17... exd4
{[%clk 0:55:40]} 18. Bb3 {[%clk 0:43:01]} 18... Be6 {[%clk 0:49:43]} 19. Rc1
{[%clk 0:41:57]} 19... Red8 {[%clk 0:45:57]} 20. Nd2 {[%clk 0:35:51]} 20...
Rac8 {[%clk 0:40:30]} 21. Qe2 {[%clk 0:33:30]} 21... Na5 {[%clk 0:35:38]} 22.
Bxe6 {[%clk 0:25:39]} 22... Qxe6 {[%clk 0:35:27]} 23. b3 {[%clk 0:22:43]} 23...
c4 {[%clk 0:27:33]} 24. bxc4 {[%clk 0:22:45]} 24... Ba3 {[%clk 0:27:18]} 25.
Rc2 {[%clk 0:18:45]} 25... bxc4 {[%clk 0:26:00]} 26. Nxc4 {[%clk 0:19:00]}
26... Nxc4 {[%clk 0:26:08]} 27. Rxc4 {[%clk 0:19:22]} 27... Rxc4 { [%clk
0:26:02]} 28. dxc4 {[%clk 0:19:46]} 28... d3 {[%clk 0:26:02]} 29. Qd2 { [%clk
0:19:15]} 29... Qxc4 {[%clk 0:25:28]} 30. Qa5 {[%clk 0:14:34]} 30... Rc8 {[%clk
0:19:30]} 31. Rd1 {[%clk 0:08:47]} 31... Bb4 {[%clk 0:05:21]} 32. Qg5 { [%clk
0:05:10]} 32... h6 {[%clk 0:02:01]} 33. Qg4 {[%clk 0:04:06]} 33... d2 { [%clk
0:02:06]} 34. Nf5 {[%clk 0:02:12]} 34... Qc3 {[%clk 0:01:38]} 35. Nxh6+ { [%clk
0:01:14]} 35... Kf8 {[%clk 0:01:25]} 36. Nf5 {[%clk 0:01:00]} 36... g6 { [%clk
0:01:40]} 37. Ne3 {[%clk 0:01:21]} 37... a5 {[%clk 0:01:18]} 38. Rxd2 { [%clk
0:01:02]} 38... Qa1+ {[%clk 0:00:49]} 39. Rd1 {[%clk 0:01:28]} 39... Rc1 {[%clk
0:00:53]} 40. Rxc1 {[%clk 0:01:28]} 40... Qxc1+ {[%clk 0:01:19]} 41. Qd1 {[%clk
0:29:57]} 41... Qb2 {[%clk 0:28:28]} 42. Qd5 {[%clk 0:19:52]} 42... Qc1+ {[%clk
0:24:31]} 43. Kh2 {[%clk 0:18:58]} 43... Qb2 {[%clk 0:18:00]} 44. Ng4 { [%clk
0:15:57]} 44... Qc2 {[%clk 0:13:00]} 45. e5 {[%clk 0:10:42]} 45... Qc7 { [%clk
0:06:11]} 46. g3 {[%clk 0:08:53]} 46... Qc2 {[%clk 0:05:04]} 47. Qd8+ { [%clk
0:07:40]} 47... Kg7 {[%clk 0:05:27]} 48. Qf6+ {[%clk 0:08:06]} 48... Kf8 {[%clk
0:05:11]} 49. e6 {[%clk 0:07:45]} 49... Qf5 {[%clk 0:03:24]} 50. Qd8+ { [%clk
0:05:24]} 50... Kg7 {[%clk 0:03:11]} 51. e7 {[%clk 0:05:41]} 1-0

[Event "DEM U18w 2018"]
[Site "Willingen GER"]
[Date "2018.05.20"]
[Round "2"]
[White "Mylke, Sandy-Michelle"]
[Black "Riegel, Arinna"]
[Result "0-1"]
[Termination "normal"]
[Board "11"]
[WhiteElo "1100"]
[BlackElo "1906"]
[WhiteClock "00:30:56"]
[BlackClock "00:20:22"]
[PlyCount "82"]
[WhiteFideId "16235045"]
[BlackFideId "12931446"]
[EventCountry "GER"]
[EventRounds "9"]
[EventType "swiss"]
[EventDate "2018.05.19"]

1. e4 {[%clk 1:30:55]} 1... d5 {[%clk 1:30:50]} 2. exd5 {[%clk 1:30:59]} 2...
Qxd5 {[%clk 1:31:19]} 3. Nc3 {[%clk 1:31:18]} 3... Qd6 {[%clk 1:31:44]} 4. d4 {
[%clk 1:31:30]} 4... Nf6 {[%clk 1:32:09]} 5. Bc4 {[%clk 1:31:37]} 5... c6 {
[%clk 1:32:33]} 6. Nge2 {[%clk 1:31:38]} 6... Bg4 {[%clk 1:31:52]} 7. f3 {
[%clk 1:30:23]} 7... Bf5 {[%clk 1:27:51]} 8. O-O {[%clk 1:28:27]} 8... e6 {
[%clk 1:23:41]} 9. Bf4 {[%clk 1:27:43]} 9... Qd7 {[%clk 1:23:49]} 10. Ng3 {
[%clk 1:27:49]} 10... Bg6 {[%clk 1:24:11]} 11. Re1 {[%clk 1:27:25]} 11... Be7 {
[%clk 1:24:21]} 12. Nce4 {[%clk 1:25:07]} 12... O-O {[%clk 1:21:12]} 13. Qe2 {
[%clk 1:21:11]} 13... Qxd4+ {[%clk 1:17:35]} 14. Kh1 {[%clk 1:19:31]} 14... b5
{[%clk 1:10:50]} 15. Bb3 {[%clk 1:17:07]} 15... Qxb2 {[%clk 1:06:57]} 16. Rad1
{[%clk 1:15:11]} 16... Nxe4 {[%clk 1:02:45]} 17. Nxe4 {[%clk 1:15:08]} 17...
Qa3 {[%clk 1:01:36]} 18. Nd6 {[%clk 1:09:33]} 18... Rd8 {[%clk 0:54:24]} 19.
Nxf7 {[%clk 1:00:01]} 19... Bxf7 {[%clk 0:47:31]} 20. Bxe6 {[%clk 0:58:38]}
20... Na6 {[%clk 0:42:35]} 21. Rd2 {[%clk 0:52:06]} 21... Qb4 {[%clk 0:28:21]}
22. g3 {[%clk 0:48:04]} 22... Rxd2 {[%clk 0:22:45]} 23. Bxd2 {[%clk 0:48:22]}
23... Qd6 {[%clk 0:21:48]} 24. Bf4 {[%clk 0:43:26]} 24... Qxe6 {[%clk 0:18:56]}
25. Qxe6 {[%clk 0:42:51]} 25... Bxe6 {[%clk 0:19:10]} 26. Rxe6 {[%clk 0:42:56]}
26... Kf7 {[%clk 0:19:39]} 27. Rxc6 {[%clk 0:42:51]} 27... Nb4 {[%clk 0:19:54]}
28. Rc7 {[%clk 0:42:20]} 28... Nd5 {[%clk 0:20:17]} 29. Rb7 {[%clk 0:42:18]}
29... Nxf4 {[%clk 0:20:32]} 30. gxf4 {[%clk 0:42:37]} 30... a6 {[%clk 0:21:01]}
31. h4 {[%clk 0:42:33]} 31... Rc8 {[%clk 0:21:08]} 32. Kh2 {[%clk 0:41:53]}
32... Rxc2+ {[%clk 0:21:33]} 33. Kg3 {[%clk 0:42:05]} 33... Rxa2 { [%clk
0:21:55]} 34. Kg4 {[%clk 0:41:40]} 34... b4 {[%clk 0:22:19]} 35. h5 { [%clk
0:41:33]} 35... a5 {[%clk 0:22:24]} 36. f5 {[%clk 0:39:23]} 36... a4 { [%clk
0:22:32]} 37. Kf4 {[%clk 0:38:41]} 37... b3 {[%clk 0:22:14]} 38. Ke4 { [%clk
0:33:59]} 38... Rd2 {[%clk 0:20:13]} 39. Ke3 {[%clk 0:33:04]} 39... Rd1 { [%clk
0:20:17]} 40. f4 {[%clk 0:31:37]} 40... a3 {[%clk 0:19:56]} 41. Rxb3 { [%clk
0:30:56]} 41... a2 {[%clk 0:20:22]} 0-1